Místo Albína Bráfa ve vývoji českého ekonomického myšlení

Profesor Albín Bráf ako jeden z najvýznamnejších českých národohospodárov. Stabilizácia vývoja a tvorba českej ekonomickej terminológie. Albín Bráf a metodológia ekonomickej vedy.

Saved in:
Bibliographic Details
Main Author: Krameš, Jaroslav
Format: Book Chapter
Language:Czech
Subjects:
Tags: Add Tag
No Tags, Be the first to tag this record!

MARC

LEADER 00000naa a2200000 4500
001 r035405
005 20231002105442.6
041 0 |a cze 
044 |a CZ 
245 1 0 |a Místo Albína Bráfa ve vývoji českého ekonomického myšlení  |c Jaroslav Krameš 
520 |a Profesor Albín Bráf ako jeden z najvýznamnejších českých národohospodárov. Stabilizácia vývoja a tvorba českej ekonomickej terminológie. Albín Bráf a metodológia ekonomickej vedy. 
610 2 0 |a teórie ekonomické 
610 2 0 |a terminológia 
610 2 0 |a výskum ekonomický 
610 2 0 |a ekonómia politická 
610 2 0 |a metodológia vied 
610 2 0 |a životopisy 
610 2 0 |a Česko 
610 2 0 |a 1851 
610 2 0 |a 1912 
610 2 0 |a Bráf, A. 
100 1 |a Krameš, Jaroslav